| 000 | 03065cam a22005654i 4500 | ||
|---|---|---|---|
| 003 | PE-LiUPU | ||
| 005 | 20250731165447.0 | ||
| 008 | 150528s2011 at a rb 001 0 spa d | ||
| 020 | _a9786074815061 | ||
| 035 | _a(Sirsi) i9786074815061 | ||
| 040 |
_aXVF _bspa _cXVF _dOCLCF _ePE-LiUPU _erda |
||
| 041 | 1 |
_aspa _heng |
|
| 049 | _aPRUA | ||
| 082 | 0 | 4 | _bE75 |
| 100 | 1 |
_aErleben, Kenny, _eautor. |
|
| 245 | 1 | 0 |
_aFisica para videojuegos / _cKenny Erleben y (otros tres más). |
| 264 | 1 |
_aAustralia ; _aMéxico : _bCengage Learning, _c2011. |
|
| 300 |
_axxii, 817 páginas : _bilustraciones ; _c25 centímetros |
||
| 336 |
_atext _2rdacontent |
||
| 337 |
_aunmediated _2rdamedia |
||
| 338 |
_avolume _2rdacarrier |
||
| 504 | _aBibliografía : páginas 783-802. | ||
| 504 | _aÍndice analítico : páginas 803-817. | ||
| 505 | 0 | _aIntroducción -- La cinemática -- Figuras articuladas -- Cinemática directa e inversa-- Interpolación de movimiento -- Animación de varios cuerpos -- Animación de varios cuerpos basada en penalización -- Animación de varios cuerpos basada en impulso -- Animación de varios cuerpos basada en restricción -- La dinámica de los objetos deformables -- Sistemas de partículas -- Modelos de continuo con diferencias finitas -- El método del elemento finito -- Dinámica de fluidos computacional -- Detección de colisiones -- Detección de colisiones en fase amplia -- Introducción a la detección de colisiones en fase angosta -- Determinación de contacto -- Jerarquías de volumen limitante -- Algoritmos basados en propiedades -- Algoritmos basados en volumen -- Matemáticas y física para animación -- Vectores, matrices y cuaternios -- Resolución de sistemas de ecuaciones lineales -- Expansión de Taylor y aproximaciones de derivadas -- Cálculo de variaciones -- Mecánica clásica básica -- Ecuaciones diferenciales e integración numérica -- Teoría abierta de B-spline (curva) no uniforme -- Software: OpenTissue -- Notación, unidades y constantes físicas. | |
| 526 | _aSEG44 | ||
| 526 | _aSEG26 | ||
| 526 | _aP151 | ||
| 526 | _aP150 | ||
| 526 | _aP149 | ||
| 526 | _aP146 | ||
| 526 | _aP145 | ||
| 526 | _aP126 | ||
| 526 | _aP125 | ||
| 526 | _aP92 | ||
| 526 | _aP75 | ||
| 526 | _aP74 | ||
| 526 | _aP27 | ||
| 526 | _aP15 | ||
| 534 |
_pTítulo original : _tPhysics-based animation. |
||
| 541 | _g043-0014409; | ||
| 650 | 0 | _aComputer animation. | |
| 650 | 4 | _aAnimación por computadora. | |
| 650 | 7 |
_aComputer animation. _2 ast _0(OCoLC)fst00872015 |
|
| 910 |
_aaas _bjck _caas _d20150528 |
||
| 942 |
_2ddc _cBOOK |
||
| 949 |
_a006.696 E75 _wDEWEY _c1 _i71204 _lCCODEBUL1 _mBUL _p34.95 _r0 _sY _tBOOK _u2015-5-28 _xINGENIERIA _PP27 _0COMPRA _o.STAFF. Colección General |
||
| 994 |
_aC0 _bPEPRU |
||
| 596 | _a1 | ||
| 999 |
_a006.696 E75 _wDEWEY _c20036 _i71204 _d20036 _e2018-10-23 _f2021-11-9 _g7 _lCCODEBUL1 _mBUL _n2 _p34.95 _q6 _r0 _sY _tBOOK _u2015-5-28 _xINGENIERIA _PP27 _0COMPRA _o.STAFF. Colección General |
||
| 980 |
_81 _gALBERTO SANCHEZ Responsable de Automatización |
||